Tierra grande.

Bibliographic Details
New Title:Real estate center journal
Previous Title:TREND, Texas real estate news and developments
Texas Real Estate Research Center. Progress report
Corporate Author: Texas Real Estate Research Center
Format: Journal
Language:English
Language Notes:In English
Published: [College Station, Tex.] : Texas Real Estate Research Center, 1977-198.
Subjects:
Online Availability: Check for online availability

MARC

Tag First Indicator Second Indicator Subfields
LEADER 00000cas a2200000 a 4500
001 in00000083489
005 20151008061311.0
008 781227d1977198utxuqr1p 0uuub0engmd
010 |a sn 78005961  
012 |k 1  |m 1 
022 1 |a 0164-5781 
035 |a (OCoLC)04508143 
035 |9 AAJ7768AM 
040 |a NSD  |c NSD  |d m.c.  |d TXA  |d UtOrBLW 
042 |a nsdp 
043 |a n-us-tx 
049 |a TXAE 
090 |a HD1361  |b .T5 
222 0 |a Tierra grande 
245 0 0 |a Tierra grande. 
264 1 |a [College Station, Tex.] :  |b Texas Real Estate Research Center,  |c  1977-198. 
300 |a volumes :  |b illustrations ;  |c 28 cm. 
310 |a Quarterly. 
336 |a text  |b txt  |2 rdacontent 
337 |a unmediated  |b n  |2 rdamedia 
338 |a volume  |b nc  |2 rdacarrier 
546 |a In English 
580 |a Incorporates previous publications of the Research Center: TREND, Texas real estate news and developments; and Progress report. 
580 |a RealEstateMents, formerly issued by The Research Center, may be published in future as an occasional special issue. 
650 0 |a Real estate business  |v Periodicals. 
650 0 |a Real estate business  |z Texas. 
710 2 |a Texas Real Estate Research Center. 
780 1 5 |t TREND, Texas real estate news and developments 
780 1 5 |a Texas Real Estate Research Center.  |t Progress report 
785 0 0 |t Real estate center journal  |x 0893-3332  |w OCoLC (15378565) 
948 |a t1 
999 |a MARS 
999 f f |s 73ce27b2-d05d-3f0b-ace4-d71d57779c8d  |i 5284994e-b1cf-3c19-9f88-f70b470bc63f  |t 0 
952 f f |p ric  |a Texas A&M University  |b Rellis Campus  |c Joint Library Facility  |d Remote Storage  |t 0  |e HD1361 .T5  |h Library of Congress classification  |i unmediated -- volume  |l 1978-1979  |m A14818802099 
952 f f |p noncirc  |a Texas A&M University  |b College Station  |c Cushing Memorial Library & Archives  |d Cushing: Texas A&M (Does not check out)  |t 0  |e HD1361 .T5  |h Library of Congress classification  |i unmediated -- volume 
952 f f |p ric  |a Texas A&M University  |b Rellis Campus  |c Joint Library Facility  |d Remote Storage  |t 0  |e HD1361 .T5  |h Library of Congress classification  |i unmediated -- volume  |k no.18 -no.24  |l 1982-1984  |m A14818805673 
952 f f |p ric  |a Texas A&M University  |b Rellis Campus  |c Joint Library Facility  |d Remote Storage  |t 0  |e HD1361 .T5  |h Library of Congress classification  |i unmediated -- volume  |l 1977  |m A14818805720 
952 f f |p ric  |a Texas A&M University  |b Rellis Campus  |c Joint Library Facility  |d Remote Storage  |t 0  |e HD1361 .T5  |h Library of Congress classification  |i unmediated -- volume  |k no.10 -no.17  |l 1980-1981  |m A14818802081 
952 f f |p ric  |a Texas A&M University  |b Rellis Campus  |c Joint Library Facility  |d Remote Storage  |t 0  |e HD1361 .T5  |h Library of Congress classification  |i unmediated -- volume  |k no.30 -no.31  |l 1986-1986  |m A14809066717 
952 f f |p ric  |a Texas A&M University  |b Rellis Campus  |c Joint Library Facility  |d Remote Storage  |t 0  |e HD1361 .T5  |h Library of Congress classification  |i unmediated -- volume  |k no.26 -no.29  |l 1984-1985  |m A14818802049 
998 f f |a HD1361 .T5  |s no.10-31 (1980-1986)  |t 0  |l Remote Storage 
998 f f |a HD1361 .T5  |s no.<1>-no.30  |t 0  |l Cushing: Texas A&M (Does not check out)